Detalles MARC
| 000 -Cabecera |
| Campo de control de longitud fija |
01953aam a2200553 4500 |
| 005 - Fecha y hora de la última transacción |
| Campo de control |
20250925111436.0 |
| 008 - Elementos de longitud fija--Información general |
| Campo de control de longitud fija |
150325b2002 xxu||||| |||| 00| 0 spa d |
| 020 ## - International Standard Book Number |
| Número Internacional Estándar del Libro (ISBN) |
9968311480 |
| 041 ## - Idioma |
| Código de idioma |
Español |
| 082 ## - Clasificación Decimal Dewey |
| Número de clasificación |
658.45 M183c |
| 100 ## - Entrada principal--Autor personal |
| Nombre personal |
Madrigal López, Damaris |
| 9 (RLIN) |
22180 |
| 245 ## - Título propiamente dicho |
| Título |
Comunicación Administrativa |
| 260 ## - Pie de imprenta |
| Lugar de publicación, distribución, etc. |
Costa Rica |
| 260 ## - Pie de imprenta |
| Nombre del editor, distribuidor, etc. |
EUNED |
| 260 ## - Pie de imprenta |
| Fecha de publicación, distribución, etc. |
2002 |
| 300 ## - Descripción física |
| Extensión |
245 páginas |
| 490 ## - Serie |
| Título de la Serie |
Dirección y Administración de Empresas |
| 505 ## - Nota de contenido |
| Nota de contenido |
Parte I. Comunicación Oral y Escrita<br/>Parte II. Redacción y Composición<br/>Parte III. Técnicas de comunicación |
| 650 ## - Materia general |
| Temática (materia general) |
COMUNICACIÓN CÓMO TÉCNICA GERENCIAL |
| 650 ## - Materia general |
| Temática (materia general) |
LA COMUNICACIÓN |
| 650 ## - Materia general |
| Temática (materia general) |
LENGUAJE ORAL |
| 650 ## - Materia general |
| Temática (materia general) |
LENGUAJE ESCRITO |
| 650 ## - Materia general |
| Temática (materia general) |
FORMAS DE COMUNICACIÓN DE ACUERDO CON LA SITUACIÓN COMUNICATIVA |
| 650 ## - Materia general |
| Temática (materia general) |
COMUNICACIÓN INTERPERSONAL |
| 650 ## - Materia general |
| Temática (materia general) |
COMUNICACIÓN ORAL |
| 650 ## - Materia general |
| Temática (materia general) |
COMUNICACIÓN ESCRITA |
| 650 ## - Materia general |
| Temática (materia general) |
CONOCIMIENTOS BÁSICOS PARA EL USO DEL CÓDIGO |
| 650 ## - Materia general |
| Temática (materia general) |
LÉXICO COMO COMPONENTE INTEGRAL DE LA LENGUA |
| 650 ## - Materia general |
| Temática (materia general) |
ORTOGRAFÍA |
| 650 ## - Materia general |
| Temática (materia general) |
PUNTUACIÓN |
| 650 ## - Materia general |
| Temática (materia general) |
ESTRUCTURA DE LA ORACIÓN |
| 650 ## - Materia general |
| Temática (materia general) |
REDACCIÓN Y COMPOSICIÓN |
| 650 ## - Materia general |
| Temática (materia general) |
USO ADECUADO DE LAS CATEGORÍAS GRAMATICALES EN EL CAMPO ADMINISTRATIVO |
| 650 ## - Materia general |
| Temática (materia general) |
SIGNIFICACIÓN VERBAL |
| 650 ## - Materia general |
| Temática (materia general) |
USO DEL ADJETIVO |
| 650 ## - Materia general |
| Temática (materia general) |
USO DEL ADVERBIO |
| 650 ## - Materia general |
| Temática (materia general) |
USO DE LOS PROMOMBRES |
| 650 ## - Materia general |
| Temática (materia general) |
USO CORRECTO DE LAS PREPOSICIONES |
| 650 ## - Materia general |
| Temática (materia general) |
COMUNICACIÓN ADMINISTRATIVA |
| 650 ## - Materia general |
| Temática (materia general) |
CUALIDADES DE REDACCIÓN |
| 650 ## - Materia general |
| Temática (materia general) |
CLASIFICACIÓN DE LOS DIFERENTES TIPOS DE COMUNICACIÓN |
| 650 ## - Materia general |
| Temática (materia general) |
CARTAS |
| 650 ## - Materia general |
| Temática (materia general) |
TÉCNICAS DE COMUNICACIÓN |
| 650 ## - Materia general |
| Temática (materia general) |
TIPOS DE ESCRITOS |
| 650 ## - Materia general |
| Temática (materia general) |
EXPRESIÓN ORAL |
| 650 ## - Materia general |
| Temática (materia general) |
ASPECTOS HUMANOS Y PSICOLÓGICOS DE LA COMUNICACIÓN ORAL EN EL CAMPO ADMINISTRATIVO |
| 650 ## - Materia general |
| Temática (materia general) |
TÉCNICAS DE COMUNICACIÓN ORAL |
| 942 ## - Punto de acceso adicional KOHA |
| Tipo de ítem KOHA |
Libro |
| Fuente del sistema de clasificación o colocación |
Dewey Decimal Classification |